| 000 | 00880nam a2200265Ia 4500 | ||
|---|---|---|---|
| 008 | 160803s9999 xx 000 0 und d | ||
| 020 | _a9780439173155 | ||
| 100 | _aDePaola, Tomie | ||
| 245 | _a26 Fairmount Avenue / | ||
| 245 | _cwritten and illustrated by Tomie dePaola. | ||
| 260 | _aNew York : | ||
| 260 | _bScholastic Inc. | ||
| 260 | _c1999 | ||
| 300 | _a56 pages : | ||
| 300 | _billustrations ; | ||
| 300 | _c22 cm. | ||
| 500 | _a"This edition is only available for distribution through the school market" | ||
| 650 | _aAuthors, American -- 20th century -- Biography -- | ||
| 650 | _aDePaola, Tomie, -- 1934- -- Childhood and youth -- | ||
| 650 | _aDePaola, Tomie, -- 1934- -- Homes and haunts -- Connecticut -- Meriden -- | ||
| 650 | _xJuvenile literature. | ||
| 650 | _xJuvenile literature. | ||
| 650 | _xJuvenile literature. | ||
| 700 | _a760 | ||
| 999 |
_c298122 _d298122 |
||